Score 0/20 Timer 03:00
0 Plays Today
Subcategory Missing Word % Correct
PersonalsSeeking
65%
ServicesEstate
61.9%
HousingRentals
55.7%
JobsResources
51.7%
ServicesBiz
45%
For SaleGames
40.5%
For SaleGarage
37.5%
PersonalsConnections
32.6%
For SaleBaby
23.2%
PersonalsPlatonic
23%
Subcategory Missing Word % Correct
For SaleParts
22.6%
HousingApartments
21.5%
PersonalsCasual
21%
ServicesEditing
14.8%
ServicesGarden
12.7%
JobsFilm
10.4%
HousingSublets
9.2%
JobsCustomer
8.8%
HousingOffice
6.2%
JobsNonprofit
3.6%

Today's Daily Dose

Missing Word
I Hardly Know Her!

Word Ladder
Sentence Ending

Quick Pick
Female Firsts

Get the Picture
Triathlon Sports

Remove Ads.
Support Sporcle.
Get the best of Sporcle when you Go Orange. This ad-free experience offers more features, more stats, and more fun while also helping to support Sporcle. Thank you for becoming a member.

You're not logged in!

Compare scores with friends on all Sporcle quizzes.
OR
Log In

Show Comments

Extras

Top Quizzes Today


Score Distribution

Your Account Isn't Verified!

In order to create a playlist on Sporcle, you need to verify the email address you used during registration. Go to your Sporcle Settings to finish the process.

Report this User

Report this user for behavior that violates our Community Guidelines.

Details: